Statistical Methods/ by Donna L. Mohr, William J. Wilson, Rudolf J. Freund (Record no. 52376)

MARC details
000 -LEADER
fixed length control field 00643nam a22002177a 4500
003 - CONTROL NUMBER IDENTIFIER
control field OSt
008 - FIXED-LENGTH DATA ELEMENTS--GENERAL INFORMATION
fixed length control field 260627b |||||||| |||| 00| 0 eng d
020 ## - INTERNATIONAL STANDARD BOOK NUMBER
International Standard Book Number 9780128230435
082 ## - DEWEY DECIMAL CLASSIFICATION NUMBER
Classification number 519.5
Item number M69S
100 ## - MAIN ENTRY--PERSONAL NAME
Personal name Mohr, Donna L.
245 ## - TITLE STATEMENT
Title Statistical Methods/ by Donna L. Mohr, William J. Wilson, Rudolf J. Freund
250 ## - EDITION STATEMENT
Edition statement 4th. ed.
260 ## - PUBLICATION, DISTRIBUTION, ETC. (IMPRINT)
Place of publication, distribution, etc London :
Name of publisher, distributor, etc Academic Press,
Date of publication, distribution, etc 2022.
300 ## - PHYSICAL DESCRIPTION
Extent xx, 754 p.
650 ## - SUBJECT ADDED ENTRY--TOPICAL TERM
Topical term or geographic name as entry element Natural sciences & mathematics
650 ## - SUBJECT ADDED ENTRY--TOPICAL TERM
Topical term or geographic name as entry element Probabilities & applied mathematics
650 ## - SUBJECT ADDED ENTRY--TOPICAL TERM
Topical term or geographic name as entry element Mathematical statistics
700 ## - ADDED ENTRY--PERSONAL NAME
Personal name Wilson, William J.
700 ## - ADDED ENTRY--PERSONAL NAME
Personal name Freund, Rudolf J.
942 ## - ADDED ENTRY ELEMENTS (KOHA)
Source of classification or shelving scheme
Koha item type Books
Holdings
Withdrawn status Lost status Source of classification or shelving scheme Damaged status Not for loan Home library Current library Shelving location Date acquired Source of acquisition Cost, normal purchase price Total Checkouts Full call number Barcode Date last seen Bill Date Koha item type Bill Number
          Dr. Rajendra Prasad Central Agricultural University Pusa, Dr. Rajendra Prasad Central Agricultural University Pusa, General Stacks 27/06/2026 Today & Tomorrow Printers and Publishers 7578.00   519.5 M69S 87614 27/06/2026 29/01/2026 Books Bill No. IN-00449
Hosted, Implemented, Customized & Maintained by: BestBookBuddies

Powered by Koha